Online
Catalog

El gran oceáno / (Record no. 57140)

MARC details
000 -CABECERA
campo de control de longitud fija 02650nam a2200313 i 4500
003 - IDENTIFICADOR DEL NÚMERO DE CONTROL
campo de control DO-SdBNP
005 - FECHA Y HORA DE LA ÚLTIMA TRANSACCIÓN
campo de control 20240703150231.0
007 - CAMPO FIJO DE DESCRIPCIÓN FÍSICA--INFORMACIÓN GENERAL
campo de control de longitud fija ta
008 - DATOS DE LONGITUD FIJA--INFORMACIÓN GENERAL
campo de control de longitud fija 240703s2012 mx 000 0 spa d
020 ## - NÚMERO INTERNACIONAL ESTÁNDAR DEL LIBRO
Número Internacional Estándar del Libro 9786071610102
040 ## - FUENTE DE LA CATALOGACIÓN
Centro catalogador/agencia de origen DO-SdBNP
Lengua de catalogación spa
Centro/agencia transcriptor BNPHU
Normas de descripción rda
082 ## - NÚMERO DE LA CLASIFICACIÓN DECIMAL DEWEY
Número de documento/Ítem B517
Número de edición 22
100 1# - ENTRADA PRINCIPAL--NOMBRE DE PERSONA
Nombre de persona Bernal, Rafael
Término indicativo de función/relación autor
9 (RLIN) 85941
245 13 - MENCIÓN DE TÍTULO
Título El gran oceáno /
Mención de responsabilidad, etc. Rafael Bernal ; prólogo Alfonso de María y Campos Castelló ; presentación Miguel Mancera
264 #1 - PRODUCCIÓN, PUBLICACIÓN, DISTRIBUCIÓN, FABRICACIÓN Y COPYRIGHT
Producción, publicación, distribución, fabricación y copyright México :
Nombre del de productor, editor, distribuidor, fabricante FCE,
Fecha de producción, publicación, distribución, fabricación o copyright 2012.
300 ## - DESCRIPCIÓN FÍSICA
Extensión 519 páginas,
Dimensiones 23 cm.
336 ## - TIPO DE CONTENIDO
Fuente rdacontent
Término de tipo de contenido texto
Código de tipo de contenido txt
337 ## - TIPO DE MEDIO
Fuente rdamedia
Nombre/término del tipo de medio sin mediación
Código del tipo de medio n
338 ## - TIPO DE SOPORTE
Fuente rdacarrier
Nombre/término del tipo de soporte volumen
Código del tipo de soporte nc
490 1# - MENCIÓN DE SERIE
Mención de serie Sección de obras de historia
504 ## - NOTA DE BIBLIOGRAFÍA, ETC.
Nota de bibliografía, etc. Bibliografía p: 503-519
520 ## - SUMARIO, ETC.
Sumario, etc. Esta obra estudia minuciosamente la importancia del mar como agente vital del proceso de transculturación en un fascinante relato que da cuenta del largo peregrinaje, navegación, descubrimiento, exploración y conquista que tuvieron lugar a lo largo de los últimos quinientos años en el Océano Pacífico, cuya superficie, sin contar los mares a los cuales da vida, es mayor que la de todas las tierras juntas. Desde la antigüedad, el océano ha logrado conectar territorios distantes y fungir como escenario de las prolongadas travesías emprendidas por los distintos pueblos de Europa y Asia que, con el paso de los siglos, llevarían al descubrimiento del continente americano. Por esta razón, a través de su historia es posible explicar los cambios de las relaciones y los andamiajes culturales e incluso políticos que regulan la vida del hombre. Este libro es un estudio historiográfico acerca del proceso de transculturalción que tuvo lugar en el Océano Pacífico, como resultado de las empresas y travesías que llevaron a cabo hombres pertenecientes a las naciones expansionistas de Europa y Asia. Además de examinar los motivos económicos, sociales y espirituales de los seres humanos que llevaron a cabo esas empresas, esta historia explora el pensamiento de los grupos expansionistas a los que pertenecieron y cómo se determinaron los modos de contacto con los pueblos receptores de la expansión, de suerte que, al contar la historia del mar, Rafael Bernal trasciende la sumaria relación de mercancías, rutas e ideas que intercambiaron los pueblos y culmina relatando la historia misma del ser humano.
590 ## - NOTA LOCAL (RLIN)
Nota local Inventariado, 2024/ YL
700 1# - PUNTO DE ACCESO ADICIONAL--NOMBRE DE PERSONA
Nombre de persona Campos Castelló, Alfonso de María y
Término indicativo de función/relación prólogo
9 (RLIN) 85944
700 1# - PUNTO DE ACCESO ADICIONAL--NOMBRE DE PERSONA
Nombre de persona Mancera, Miguel
Término indicativo de función/relación presentación
9 (RLIN) 85945
710 ## - PUNTO DE ACCESO ADICIONAL--NOMBRE DE ENTIDAD CORPORATIVA
Nombre de entidad corporativa o nombre de jurisdicción como elemento de entrada Fondo de Cultura Económica
9 (RLIN) 9178
910 ## - DATOS DE OPCIÓN DEL USUARIO (OCLC)
Datos de opción del usuario YLockward
942 ## - ELEMENTOS DE PUNTO DE ACCESO ADICIONAL (KOHA)
Fuente del sistema de clasificación o colocación Dewey Decimal Classification
Tipo de ítem Koha Libro
Holdings
Estado de retiro Estado de pérdida Fuente del sistema de clasificación o colocación Restricciones de uso No para préstamo Código de colección Localización permanente Ubicación/localización actual Ubicación en estantería Fecha de adquisición Fuente de adquisición Total de préstamos Signatura topográfica completa Código de barras Fecha visto por última vez Precio válido a partir de Tipo de ítem Koha Número de copia
    Dewey Decimal Classification Préstamo en sala   General Biblioteca Nacional Pedro Henríquez Ureña Biblioteca Nacional Pedro Henríquez Ureña En catalogación 04.08.2023 Donación   B517 2024-4068 03.07.2024 03.07.2024 Libro  
    Dewey Decimal Classification Préstamo en sala   General Biblioteca Nacional Pedro Henríquez Ureña Biblioteca Nacional Pedro Henríquez Ureña En catalogación 04.08.2023 Donación   B517 2024-4069 03.07.2024 03.07.2024 Libro e. 2

Powered by Koha